00741naa a22002177a 4500001001000000003000900010005001700019007000300036008003400039040005400073041000900127072001400136100002000150245005800170260004200228500011100270650000900381650001300390650001200403773010800415BR8704259BR-BrBNA20240918175821.0ta230509b bl.||||| |||| 00| 0 por d aBR-BrBNAbporcBiblioteca Nacional de Agricultura a(Pt) aF01b21201 aPenaforte, A.B.1 aObtenha mais lucros na colheita e secagem de seu cafe3 aBelo Horizonte, MG (Brasil): c1984.  aCarta de informacoes tecnicas. Ref.: INF.-02/84 Belo Horizonte, MG (Brasil): 1984. p. 1 (BR8704259-AM)F01  aCAFE aCOLHEITA aSECAGEM0 tCarta de informacoes tecnicas. Ref.: INF.-02/84wF01 BR8704259gBelo Horizonte, MG (Brasil), 1984. p. 1